Study prepared under the national register of foreign collaborations (Record no. 14787)
[ view plain ]
| 000 -LEADER | |
|---|---|
| fixed length control field | 00514nam a22001457a 4500 |
| 008 - FIXED-LENGTH DATA ELEMENTS--GENERAL INFORMATION | |
| fixed length control field | 230327b |||||||| |||| 00| 0 eng d |
| 040 ## - CATALOGING SOURCE | |
| Original cataloging agency | National Science Library |
| Transcribing agency | National Science Library |
| 080 ## - UNIVERSAL DECIMAL CLASSIFICATION NUMBER | |
| Universal Decimal Classification number | 661.871(540)(047) |
| Item number | N3 |
| 245 ## - TITLE STATEMENT | |
| Title | Study prepared under the national register of foreign collaborations |
| Statement of responsibility, etc. | / Ministry of Science & Technology |
| 260 ## - PUBLICATION, DISTRIBUTION, ETC. | |
| Place of publication, distribution, etc. | New Delhi: |
| Name of publisher, distributor, etc. | Ministry of Science & Technology, |
| Date of publication, distribution, etc. | 1993 |
| 300 ## - PHYSICAL DESCRIPTION | |
| Extent | x, 166p. |
| 650 ## - SUBJECT ADDED ENTRY--TOPICAL TERM | |
| Topical term or geographic name entry element | Chemical Technology |
| 653 ## - INDEX TERM--UNCONTROLLED | |
| Uncontrolled term | Patents |
| 942 ## - ADDED ENTRY ELEMENTS (KOHA) | |
| Source of classification or shelving scheme | Universal Decimal Classification |
| Koha item type | Reference |
| Withdrawn status | Lost status | Source of classification or shelving scheme | Damaged status | Not for loan | Collection | Home library | Current library | Shelving location | Date acquired | Total Checkouts | Full call number | Barcode | Date last seen | Price effective from | Koha item type |
|---|---|---|---|---|---|---|---|---|---|---|---|---|---|---|---|
| Universal Decimal Classification | Reference | National Science Library | National Science Library | GF/RK-19/C-7/R-1 | 27/03/2023 | 661.871(540)(047) N3 | 173918 | 27/03/2023 | 27/03/2023 | Reference |